| 000 | 00531nam a2200169 a 4500 | ||
|---|---|---|---|
| 001 | 000031207 | ||
| 005 | 20200930062755.0 | ||
| 008 | 110614s1966 dr 000 p spa d | ||
| 040 |
_aDO-SdBNP _bspa _cBNPHU |
||
| 082 |
_axxx _bP625a |
||
| 100 | 1 |
_aPieter-Bennett, H. _957677 |
|
| 245 | 1 | 0 |
_aApolónicas / _cH. Pieter-Bennett ; prólogo de Manuel Valldeperes. |
| 260 |
_aSanto Domingo : _bEditora Del Caribe, _c1966. |
||
| 300 |
_a146 p. ; _c23 cm. |
||
| 590 | _aInventariado, 2019/VM | ||
| 700 | 1 |
_aValldeperes, Manuel, _epról. _923258 |
|
| 999 |
_c30699 _d30699 |
||